000 00375nam a22001337a 4500
008 250314b |||||||| |||| 00| 0 eng d
020 _a9221108589
050 _aHD5840
_b.A44
100 _aVAN, Willem Der Geest
245 _aAdjustment Employment and Missing Institution in Africa
260 _aGeniva
_bInternational Labour Office
_c1999
300 _ax, 276p.
942 _cBK
999 _c2342
_d2342